Statistics for African Capitals Without First or Last Letters Quiz #6

Click here to take the quiz!

General Stats

  • This quiz has been taken 39 times
  • The average score is 8 of 9

Answer Stats

African Capitals Without First or Last LettersFull African Capitals (and Countries)% Correct
reetowFreetown (Sierra Leone)
94%
ibrevillLibreville (Gabon)
94%
aputMaputo (Mozambique)
94%
ntananarivAntananarivo (Madagascar)
91%
aboronGaborone (Botswana)
91%
igalKigali (Rwanda)
91%
omLomé (Togo)
91%
alabMalabo (Equatorial Guinea)
89%
raiPraia (Cape Verde)
77%

Score Distribution

Percentile by Number Answered

Percent of People with Each Score

Your Score History

You have not taken this quiz